Normal view
MARC view
Entry Topical Term
001 - CONTROL NUMBER
- control field: 4817
003 - CONTROL NUMBER IDENTIFIER
- control field: AM-YEHGA
005 - DATE AND TIME OF LATEST TRANSACTION
- control field: 20250617070454.0
008 - FIXED-LENGTH DATA ELEMENTS
- fixed length control field: 140325|| aca||aabn | a|a d
040 ## - CATALOGING SOURCE
- Original cataloging agency: AM-YEHGA
150 ## - HEADING--TOPICAL TERM
- Topical term or geographic name entry element: Հայոց լեզու
- Form subdivision: Ընթերցարան
670 ## - SOURCE DATA FOUND
- Source citation: 88867: Լիսիցյան, Ստեփան Դանիելի, 1865-1947 6405, Լուսաբեր /, 1920.
ՀՀ Գիտությունների ազգային ակադեմիայի հիմնարար գիտական գրադարան = Fundamental Scientific Library of NAS RA
All site content, except where otherwise noted, is licensed under a